| 000 | 00672nam a22002057a 4500 | ||
|---|---|---|---|
| 999 |
_c6591 _d6591 |
||
| 003 | AR-CdUCM | ||
| 008 | 190318b ||||| |||| 00| 0 spa d | ||
| 020 | _a84-7060-440-6 | ||
| 040 |
_aMUNICIPALIDAD PROVINCIAL DEL CUSCO _cBIBLIOTECA MUNICIPAL DEL CUSCO |
||
| 082 |
_a030 / _bEN56 |
||
| 100 |
_aPirenne, Jacques _918456 |
||
| 245 | _aEnciclopedia combi visual / | ||
| 260 |
_aEspaña : _boceano, _bDanae, _c1989. |
||
| 300 |
_a5 tomos ; _bilustraciones ; _c25 cm. |
||
| 505 | _aContenido : t.1: A-Ci -- t.2: Co-Gan -- t.3: Gat-Med -- t.4: Med-Rad -- t.5: Ref-Zoo. | ||
| 650 |
_aEnciclopedia _918075 |
||
| 650 |
_aColección _92826 |
||
| 942 |
_2ddc _cLIBROS |
||
| 945 | _azta | ||